banner koha

Produtos alternativos para controle de Thaumastocoris peregrinus e indução de resistência em plantas (Registro n. 247615)

MARC details
000 -LÍDER
campo de controle de tamanho fixo 00963nas a2200325 4500
001 - NÚMERO DE CONTROLE
campo de controle BR2016000261
003 - IDENTIFICADOR DO NÚMERO DE CONTROLE
campo de controle BR-BrBNA
005 - DATA E HORÁRIO DA ÚLTIMA TRANSAÇÃO
campo de controle 20231205130038.0
007 - CAMPO FIXO DE DESCRIÇÃO FÍSICA--INFORMAÇÃO GERAL
campo de controle de tamanho fixo ta
008 - CAMPO DE DADOS FIXOS--INFORMAÇÃO GERAL
campo de controle de tamanho fixo 230509b bl.|||p| |||| 00| 00por d
040 ## - FONTE DA CATALOGAÇÃO
Instituição da catalogação original BR-BrBNA
Idioma da catalogação por
Instituição que transcreveu o registro Biblioteca Nacional de Agricultura
041 ## - CÓDIGO DE IDIOMA
Código do idioma do texto/trilha sonora ou título diferente (Pt)
072 ## - CÓDIGO DE CATEGORIA DE ASSUNTO
Código de Categoria de Assunto H10
100 1# - ENTRADA PRINCIPAL--NOME PESSOAL
Nome pessoal Lorencetti, G.A.T.
100 1# - ENTRADA PRINCIPAL--NOME PESSOAL
Nome pessoal Mazaro, S.M.
100 1# - ENTRADA PRINCIPAL--NOME PESSOAL
Nome pessoal Potrich, M.
100 1# - ENTRADA PRINCIPAL--NOME PESSOAL
Nome pessoal Lozano, e.R.
100 1# - ENTRADA PRINCIPAL--NOME PESSOAL
Nome pessoal Barbosa, L.R.
100 1# - ENTRADA PRINCIPAL--NOME PESSOAL
Nome pessoal Luckmann, D.
100 1# - ENTRADA PRINCIPAL--NOME PESSOAL
Nome pessoal Dallacort, S.
245 1# - TÍTULO
Título Produtos alternativos para controle de Thaumastocoris peregrinus e indução de resistência em plantas
650 ## - ASSUNTO--TERMO TÓPICO
Cabeçalho tópico ou nome geográfico EUCALIPTO
650 ## - ASSUNTO--TERMO TÓPICO
Cabeçalho tópico ou nome geográfico PRAGA DE PLANTA
650 ## - ASSUNTO--TERMO TÓPICO
Cabeçalho tópico ou nome geográfico PERCEVEJO
650 ## - ASSUNTO--TERMO TÓPICO
Cabeçalho tópico ou nome geográfico RESISTÊNCIA
650 ## - ASSUNTO--TERMO TÓPICO
Cabeçalho tópico ou nome geográfico INSETICIDA
773 0# - ENTRADA ANALÍTICA
Título Floresta e Ambiente (Brazil)
ISSN - International Standard Serial Number ISSN 1415-0980
Partes relacionadas (Oct-Dec 2015), v. 22(4) p. 541-548
Número de controle do registro BR2016000261
909 ## -
-- 202311
-- Lúcia
-- 55
-- Lúcia Elande
942 ## - ELEMENTOS DE ENTRADA ADICIONADOS (KOHA)
Fonte da classificação ou esquema de arquivamento na estante Classificação AGRIS
Ocultar no OPAC Não
Tipo de material Koha Analítica
Exemplares
Situação do descarte Fonte da classificação ou esquema de arquivamento na estante Situação física Não pode ser emprestado Biblioteca de origem Biblioteca atual Localização na estante Enumeração do periódico / cronologia Total de empréstimos Data de último acesso Número do exemplar Tipo de material Koha Fonte de aquisição
  Classificação AGRIS   Consulta local Biblioteca Nacional de Agricultura - Binagri Biblioteca Nacional de Agricultura - Binagri   (Oct-Dec 2015), v. 22(4) p. 541-548   29/11/2023 01 Periódicos Portaria Interministerial nº 164/94

BINAGRI

Telefone: (61)3218-2567/2388/3357/2097 - binagri@agro.gov.br

Ministério da Agricultura e Pecuária , Esplanada dos Ministérios, Bloco D, Anexo B, Brasília/DF, CEP: 70.043-900